Poemas del amor y de la muerte / (Record no. 55995)

MARC details
000 -LEADER
campo de control de longitud fija 00701nam a2200205 i 4500
001 - NÚMERO DE CONTROL
campo de control 55995
003 - IDENTIFICADOR DE NÚMERO DE CONTROL
campo de control ES-MaACL
005 - FECHA Y HORA DE LA ÚLTIMA TRANSACCIÓN
campo de control 20240219222836.0
007 - CAMPO FIJO DE DESCRIPCIÓN FÍSICA--INFORMACIÓN GENERAL
campo de control de longitud fija t|
008 - DATOS DE LONGITUD FIJA--INFORMACIÓN GENERAL
campo de control de longitud fija 031001s1914 sp ||||1| spa d
100 1# - ENTRADA PRINCIPAL--NOMBRE DE PERSONA
Nombre de persona Díaz Mirete, Ramón.
9 (RLIN) 44355
245 10 - MENCIÓN DEL TÍTULO
Título Poemas del amor y de la muerte /
Mención de responsabilidad, etc. Ramón Díaz Mirete ; Salmos / de Vicente Gay ; Preludio lírico / de Juan González Olmedilla ; Soneto / de Goy de Silva.
260 ## - PUBLICACIÓN, DISTRIBUCIÓN, ETC.
Lugar de publicación, distribución, etc. Madrid :
Nombre del editor, distribuidor, etc. [s.n.],
Fecha de publicación, distribución, etc. 1914 (
Fabricante Felipe Peña Cruz)
300 ## - DESCRIPCIÓN FÍSICA
Extensión 150 p. ;
Dimensiones 20 cm.
700 1# - ENTRADA AGREGADA--NOMBRE PERSONAL
Nombre de persona Gay, Vicente,
Fechas asociadas al nombre 1876-1949
9 (RLIN) 56113
700 1# - ENTRADA AGREGADA--NOMBRE PERSONAL
Nombre de persona Olmedilla, Juan G.
9 (RLIN) 86948
700 1# - ENTRADA AGREGADA--NOMBRE PERSONAL
Nombre de persona Silva, Goy de.
9 (RLIN) 106364
852 ## - LOCALIZACIÓN
Ubicación ES-MaACL
Número de control de estantería F-8521
Holdings
Estatus retirado Estado de pérdida Estado de daño No para préstamo Biblioteca de origen Biblioteca actual Ubicación en estantería Fecha de adquisición Fuente de adquisición Total de préstamos Signatura topográfica completa Código de barras Visto por última vez Precio de reemplazo Tipo de ítem Koha
        Biblioteca del Ateneo de Madrid Biblioteca del Ateneo de Madrid Sala Pecera Planta 2 17/01/2008     F-8521 1058818 23/02/2023 23/02/2023 Libro impreso